| 000 | 01060nam a22002177a 4500 | ||
|---|---|---|---|
| 999 |
_c8010 _d8010 |
||
| 001 | 21464 | ||
| 003 | BD-DhUAP | ||
| 005 | 20220109182126.0 | ||
| 008 | 220109b2013 bg |||| |||| 000 0 bg d | ||
| 020 | _a9847012401750 | ||
| 040 |
_aBD-DhUAP _bben _cBD-DhUAP _dBD-DhUAP _eBD-DhUAP |
||
| 082 |
_223 _a323.01 HOS |
||
| 100 | _a হোসেন ,আবু মো: দেলোয়ার | ||
| 245 |
_aবঙ্গবন্ধুর মানবাধিকার-দর্শন : _bবক্তৃতার সারসংক্ষেপ ও সংবাদ-ভাষ্য / _cআবু মো: দেলোয়ার হোসেন |
||
| 260 |
_aঢাকা : _bজাতীয় মানবাধিকার কমিশন, _c২০১৩ । |
||
| 300 |
_a[২৭], ৩৬০ পৃ. ; _c২২ সেমি. |
||
| 504 | _aতথ্যসূত্র সংবলিত | ||
| 650 |
_aHuman Right _xPhilosophy |
||
| 700 |
_aহোসেন, আবু মো: দেলোয়ার _eসম্পাদক এবং সংকলক |
||
| 942 |
_2ddc _cBK |
||